Doprava v logistike podniku diplomová práca

Gespeichert in:
Bibliographische Detailangaben
1. Verfasser: Lašíková, Simona
Körperschaft: Podnikovohospodárska fakulta EU so sídlom v Košiciach. Katedra obchodného podnikania
Weitere Verfasser: Pružinský, Michal, 1952-
Format: Buch
Sprache:Slowakisch
Veröffentlicht: Košice 2017
Tags: Tag hinzufügen
Keine Tags, Fügen Sie das erste Tag hinzu!

MARC

LEADER 00000nbm a2200000 4500
001 0231533
005 20171121130038.1
041 0 |a slo 
044 |a SK 
245 1 0 |a Doprava v logistike podniku  |b diplomová práca  |c Simona Lašíková ; školiteľ: Michal Pružinský 
264 1 |a Košice  |c 2017 
300 |a 60 s. 
100 1 |a Lašíková, Simona 
700 1 |a Pružinský, Michal, 1952- 
710 2 |a Podnikovohospodárska fakulta EU so sídlom v Košiciach. Katedra obchodného podnikania